Famous Eds - Statistics

General Stats
  • This quiz has been taken 33 times
  • The average score is 11 of 25
Answer Stats
Hint Answer % Correct
Red-headed English singer whose albums include '+', 'x' and '÷' Ed Sheeran
97%
American comedian who was the voice of Donkey in the Shrek movies Eddie Murphy
90%
"Nevermore" said the raven above this poet's chamber door Edgar Allan Poe
72%
In 1999, this actor was nominated for the Academy Award for Best Actor for his starring role in American History X Edward Norton
66%
In 1988, this man became the first person to represent Britain at ski jumping at the Winter Olympic Games Eddie 'The Eagle' Edwards
55%
TV presenter whose titular talk show, which ran from 1948 to 1971, was the longest-running variety show in US television history Ed Sullivan
52%
Former American senator whose presidential ambitions were derailed by the 1969 Chappaquiddick incident Ted Kennedy
52%
Along with Tenzing Norgay, this man completed the first successful ascent of Mount Everest Edmund Hillary
48%
Actor who portrayed Stephen Hawking in the 2014 biopic The Theory of Everything Eddie Redmayne
45%
Founder of CNN Ted Turner
45%
American actor who starred as Jackson Pollock in the 2000 biopic Pollock Ed Harris
41%
Physician who developed the first smallpox vaccine Edward Jenner
41%
Former NSA analyst and whistleblower who disclosed government surveillance operations by Western governments on their citizens Edward Snowden
41%
Astronomer after whom a major space telescope is named Edwin Hubble
41%
"War! Huh! What is it good for?" - absolutely nothing, according to this Motown singer Edwin Starr
38%
Prime Minister of the United Kingdom from 1970 to 1974 Edward Heath
34%
Starred as Andy Bernard in The Office Ed Helms
31%
Whimsical cross-dressing English comedian who recently changed their name to Suzy Eddie Izzard
28%
Composer of the "Enigma Variations" Edward Elgar
28%
English actor who starred as the titular assassin in the 1971 thriller The Day of the Jackal Edward Fox
28%
Republican senator from Texas who stood for the GOP nomination for President in 2016 Ted Cruz
28%
Former leader of the UK Labour Party from 2010 to 2015 Ed Miliband
24%
Artist whose most famous work is the 1942 painting "Nighthawks", which depicts four people sitting in a diner late at night Edward Hopper
21%
American playwright who wrote "Who's Afraid of Virginia Woolf?" Edward Albee
14%
Director of the Three Flavours Cornetto Trilogy Edgar Wright
7%
No matching quizzes found
Score Distribution
Percent of People with Each Score
Percentile by Number Answered
Your Score History
You have not taken this quiz